[Event "Isle of Man Open"]
[Site "Douglas"]
[Date "25.10.2018"]
[Round "6.39"]
[White "Vishnu Prasanna, V"]
[Black "Eggleston, David J"]
[Result "0-1"]
[WhiteTitle "GM"]
[BlackTitle "IM"]
[WhiteElo "2504"]
[BlackElo "2406"]
[WhiteFideId "5030692"]
[BlackFideId "412120"]
[EventDate "2018.10.20"]

1. e4 c5 2. Nf3 d6 3. d4 Nf6 4. Bb5+ Nbd7 5. Qe2 cxd4 6. Nxd4 e6 7. O-O a6 8.
Bxd7+ Bxd7 9. c4 Be7 10. Nc3 Rc8 11. Bd2 Qb6 12. Nf3 Ng4 13. b3 O-O 14. Rac1 Qa7
15. h3 Ne5 16. Be3 Nxf3+ 17. Qxf3 Qb8 18. Bb6 Bd8 19. Qe3 Bxb6 20. Qxb6 Rc6 21.
Qb4 Rfc8 22. a4 Rc5 23. Ne2 Bc6 24. Ng3 b5 25. axb5 axb5 26. Qa3 h5 27. cxb5
Rxb5 28. Rfd1 h4 29. Nf1 d5 30. Rc3 dxe4 31. Qc1 Rb6 32. b4 Qe5 33. Rc5 Qb8 34.
b5 Bb7 35. Rd7 Re8 36. Ne3 Ba8 37. Qb2 Qf4 38. Qd4 Qf6 39. Qd2 Rb7 40. Rd4 Qe7
41. Re5 Qc7 42. Nc4 Rbb8 43. b6 Qe7 44. Rd7 Qf6 45. Rc5 Bd5 46. Rcxd5 exd5 47.
Qxd5 Ra8 48. Ra7 Rxa7 49. bxa7 Qa1+ 50. Kh2 Qxa7 51. Ne3 Qc7+ 52. Kg1 Qf4 53.
Qc5 Ra8 54. Qc3 Ra2 55. Ng4 Kh7 56. Qe1 f5 57. Ne3 Qe5 0-1

[Event "Isle of Man Open"]
[Site "Douglas"]
[Date "25.10.2018"]
[Round "6.40"]
[White "Gaponenko, Inna"]
[Black "Khmelniker, Ilya"]
[Result "1/2-1/2"]
[WhiteTitle "IM"]
[BlackTitle "GM"]
[WhiteElo "2409"]
[BlackElo "2492"]
[WhiteFideId "14101181"]
[BlackFideId "2805340"]
[EventDate "2018.10.20"]

1. e4 e5 2. Nf3 Nc6 3. d4 exd4 4. Nxd4 Nf6 5. Nxc6 bxc6 6. e5 Qe7 7. Qe2 Nd5 8.
c4 Ba6 9. b3 Qh4 10. a3 Nf4 11. Qe4 Ng6 12. Qxh4 Nxh4 13. Nd2 Bb7 14. g3 c5 15.
gxh4 Bxh1 16. f3 Rb8 17. Kf2 Be7 18. Be2 Bxh4+ 19. Kg1 Bg5 20. Kxh1 O-O 21. Bd1
Rfe8 22. Ne4 Bxc1 23. Rxc1 Rxe5 24. Bc2 f5 25. Ng3 g6 26. Kg2 Kf8 27. Kf2 Rb6
28. Rd1 Ke7 29. Ne2 Rd6 30. Bd3 a5 31. Nc3 c6 32. f4 Ree6 33. Kf3 Rd4 34. Ne2
Rdd6 35. Nc3 Rd4 36. Ne2 Rdd6 1/2-1/2

[Event "Isle of Man Open"]
[Site "Douglas"]
[Date "25.10.2018"]
[Round "6.41"]
[White "Erenberg, Ariel"]
[Black "Zumsande, Martin"]
[Result "1/2-1/2"]
[WhiteTitle "IM"]
[BlackTitle "IM"]
[WhiteElo "2407"]
[BlackElo "2492"]
[WhiteFideId "2811634"]
[BlackFideId "4651324"]
[EventDate "2018.10.20"]

1. d4 d5 2. c4 e6 3. Nc3 Be7 4. cxd5 exd5 5. Bf4 c6 6. e3 Bf5 7. g4 Be6 8. Qb3
Qb6 9. f3 Nd7 10. h4 Qxb3 11. axb3 h5 12. g5 Bb4 13. Kf2 Ne7 14. Na2 Ba5 15. b4
Bd8 16. Ne2 Ng6 17. Bd6 Nb6 18. Nf4 Nxf4 19. Bxf4 Be7 20. b5 c5 21. dxc5 Bxc5
22. Be5 O-O 23. Bd3 Nc4 24. Bxc4 dxc4 25. Bd4 Be7 26. Nc3 a6 27. b6 Rac8 28.
Rhd1 Rfd8 29. Be5 Rc6 30. Bc7 Re8 31. Ne4 1/2-1/2

[Event "Isle of Man Open"]
[Site "Douglas"]
[Date "25.10.2018"]
[Round "6.42"]
[White "Keymer, Vincent"]
[Black "Hoefelsauer, Thomas"]
[Result "1-0"]
[WhiteTitle "IM"]
[BlackTitle "FM"]
[WhiteElo "2491"]
[BlackElo "2380"]
[WhiteFideId "12940690"]
[BlackFideId "24668842"]
[EventDate "2018.10.20"]

1. d4 d5 2. c4 c6 3. Nc3 Nf6 4. e3 a6 5. Nf3 Bf5 6. Be2 h6 7. c5 Nbd7 8. O-O Qc7
9. b4 g5 10. Bb2 Bg7 11. a4 O-O 12. Rc1 Ne4 13. Nxe4 Bxe4 14. Nd2 Bg6 15. f4 e6
16. g3 Nf6 17. Bf3 Nh7 18. Qe2 f5 19. Nb3 g4 20. Bg2 Be8 21. Ra1 h5 22. Rfb1 Bd7
23. Bc3 Rfb8 24. Qc2 Qd8 25. Bf1 Qe8 26. Nd2 Bf6 27. Ra2 Bd8 28. Rab2 Nf6 29.
Bd3 Bc7 30. Qd1 Ne4 31. Nxe4 dxe4 32. Bc4 Kh7 33. h3 Kg6 34. Rh2 Qf7 35. Kf2 Rh8
36. Qb3 Rh7 37. Rbh1 Rah8 38. Qb2 h4 39. hxg4 hxg3+ 40. Kxg3 fxg4 41. Qe2 Rh3+
42. Rxh3 Rxh3+ 43. Rxh3 gxh3 44. Qg4+ Kh6 45. Qg5+ Kh7 46. Qh4+ Kg6 47. Qxh3 Qf5
48. Qh8 Qh5 49. Qxh5+ Kxh5 50. Be2+ Kg6 51. Bg4 Bd8 52. Be1 Bf6 53. Kh3 Be7 54.
Bh4 Bf8 55. Bd8 Bg7 56. Kh4 Bh6 57. Bd1 Bg7 58. Bg5 Bf8 59. Bh5+ Kg7 60. Bd8 Kh6
61. Bf6 Kh7 62. Bf7 Kh6 63. a5 1-0

[Event "Isle of Man Open"]
[Site "Douglas"]
[Date "25.10.2018"]
[Round "6.43"]
[White "Batsiashvili, Nino"]
[Black "Lubbe, Melanie"]
[Result "1-0"]
[WhiteTitle "GM"]
[BlackTitle "WGM"]
[WhiteElo "2482"]
[BlackElo "2359"]
[WhiteFideId "13602993"]
[BlackFideId "4690745"]
[EventDate "2018.10.20"]

1. d4 d6 2. Nf3 g6 3. g3 Bg7 4. Bg2 Nf6 5. O-O O-O 6. b3 e5 7. dxe5 dxe5 8. Ba3
Qxd1 9. Rxd1 Re8 10. c4 Nc6 11. Nc3 e4 12. Ne1 a6 13. Rac1 Bf5 14. h3 h5 15. Nc2
Rad8 16. Ne3 Bc8 17. Rxd8 Rxd8 18. Ned5 Nxd5 19. cxd5 Nd4 20. Bxe4 Bxh3 21. e3
Nf5 22. Kh2 Bf1 23. Bb4 Bxc3 24. Bxc3 Nd6 25. Bb1 Be2 26. Kg2 Nb5 27. Bb4 Rxd5
28. Be4 Re5 29. Bxb7 Nd6 30. Bxd6 cxd6 31. Rc6 Ra5 32. a4 Bd1 33. Rxa6 Rxa6 34.
Bxa6 Bxb3 35. a5 Bd5+ 36. f3 Kf8 37. e4 Bc6 38. Bc4 Ke7 39. a6 Kd7 40. Bxf7 g5
41. Bd5 Kc7 42. Bxc6 Kxc6 43. f4 1-0

[Event "Isle of Man Open"]
[Site "Douglas"]
[Date "25.10.2018"]
[Round "6.44"]
[White "Guramishvili, Sopiko"]
[Black "Gormally, Daniel W"]
[Result "1/2-1/2"]
[WhiteTitle "IM"]
[BlackTitle "GM"]
[WhiteElo "2378"]
[BlackElo "2482"]
[WhiteFideId "13602888"]
[BlackFideId "406465"]
[EventDate "2018.10.20"]

1. e4 c5 2. Nf3 d6 3. Bb5+ Nc6 4. Bxc6+ bxc6 5. O-O e5 6. d3 Be7 7. Ne1 Nf6 8.
Nc3 O-O 9. f4 exf4 10. Bxf4 Bg4 11. Nf3 d5 12. h3 Bh5 13. Qe1 c4 14. Kh1 cxd3
15. cxd3 dxe4 16. dxe4 Qb6 17. Ne5 Rfe8 18. Rc1 Bb4 19. a3 Bxc3 20. Qxc3 Nxe4
21. Qxc6 Qxc6 22. Rxc6 f6 23. Nf3 Rac8 24. Rxc8 Rxc8 25. Rc1 Nf2+ 26. Kh2 Rxc1
27. Bxc1 Nd3 28. Be3 Nxb2 29. Bxa7 Bf7 30. Nd2 Nc4 31. Nxc4 1/2-1/2

[Event "Isle of Man Open"]
[Site "Douglas"]
[Date "25.10.2018"]
[Round "6.45"]
[White "Karavade, Eesha"]
[Black "Cornette, Deimante"]
[Result "1/2-1/2"]
[WhiteTitle "IM"]
[BlackTitle "IM"]
[WhiteElo "2374"]
[BlackElo "2462"]
[WhiteFideId "5012600"]
[BlackFideId "12802859"]
[EventDate "2018.10.20"]

1. Nf3 Nf6 2. c4 b6 3. g3 Bb7 4. Bg2 g6 5. O-O Bg7 6. d4 O-O 7. d5 Na6 8. Nc3
Nc5 9. Re1 e6 10. e4 d6 11. Rb1 a5 12. b3 Ng4 13. Bb2 Ne5 14. Nxe5 dxe5 15. Ba3
Re8 16. Bxc5 bxc5 17. Na4 Bf8 18. Qc2 Bc8 19. Rbd1 Qf6 20. Bh3 Bd6 21. Nc3 Bd7
22. dxe6 fxe6 23. a4 Bc6 24. Nb5 Bxb5 25. axb5 Red8 26. Rd3 Bf8 27. Rxd8 Rxd8
28. Rd1 Rd4 29. Rxd4 exd4 30. Bf1 e5 31. Kg2 Bh6 32. Bd3 Qg5 33. h4 Qd2 34. Qxd2
Bxd2 1/2-1/2

[Event "Isle of Man Open"]
[Site "Douglas"]
[Date "25.10.2018"]
[Round "6.46"]
[White "Ravi, Teja S."]
[Black "Prithu, Gupta"]
[Result "1-0"]
[WhiteTitle "IM"]
[BlackTitle "IM"]
[WhiteElo "2357"]
[BlackElo "2458"]
[WhiteFideId "5017220"]
[BlackFideId "46618546"]
[EventDate "2018.10.20"]

1. d4 Nf6 2. Nf3 e6 3. Bf4 d5 4. e3 c5 5. c3 Nc6 6. Nbd2 Be7 7. h3 Bd6 8. Bxd6
Qxd6 9. Bb5 Bd7 10. O-O O-O 11. a4 a6 12. Be2 e5 13. Nc4 dxc4 14. dxe5 Qxd1 15.
Rfxd1 Be6 16. exf6 gxf6 17. a5 Rfd8 18. Nd2 Kg7 19. Nxc4 Rxd1+ 20. Rxd1 Bxc4 21.
Bxc4 Nxa5 22. Be2 b5 23. Rd7 Rb8 24. Rd6 Ra8 25. b4 Nb3 26. Rd7 Rc8 27. Bh5 Kh6
28. Bxf7 Nc1 29. Kf1 c4 30. Be6 Na2 31. Bf5 Rh8 32. g4 Nxc3 33. h4 Na2 34. f4
Nxb4 35. Kg2 Nc6 36. Kg3 Ne5 37. fxe5 1-0

[Event "Isle of Man Open"]
[Site "Douglas"]
[Date "25.10.2018"]
[Round "6.47"]
[White "Bellaiche, Anthony"]
[Black "Heinemann, Josefine"]
[Result "1-0"]
[WhiteTitle "IM"]
[BlackTitle "WIM"]
[WhiteElo "2453"]
[BlackElo "2308"]
[WhiteFideId "615668"]
[BlackFideId "12900460"]
[EventDate "2018.10.20"]

1. Nf3 Nf6 2. c4 c5 3. Nc3 d5 4. cxd5 Nxd5 5. d4 Nxc3 6. bxc3 g6 7. e3 Bg7 8.
Bb5+ Nd7 9. O-O O-O 10. a4 Qc7 11. Ba3 b6 12. Rc1 Nf6 13. a5 Rd8 14. Ne5 Bd7 15.
Nxd7 Nxd7 16. Qa4 Rac8 17. Ba6 Rb8 18. Rfd1 e6 19. g3 h5 20. Bf1 Nf6 21. Qb5 Bf8
22. a6 Bd6 23. Bg2 h4 24. dxc5 bxc5 25. Qc6 hxg3 26. hxg3 Rb6 27. Qxc7 Bxc7 28.
Bb7 Rxd1+ 29. Rxd1 Rb5 30. c4 Ra5 31. Bb2 Ne8 32. Rd7 Ra4 33. Re7 1-0

[Event "Isle of Man Open"]
[Site "Douglas"]
[Date "25.10.2018"]
[Round "6.48"]
[White "Gavilan Diaz, Mario"]
[Black "Kashlinskaya, Alina"]
[Result "0-1"]
[WhiteTitle "FM"]
[BlackTitle "IM"]
[WhiteElo "2334"]
[BlackElo "2447"]
[WhiteFideId "2260905"]
[BlackFideId "4198026"]
[EventDate "2018.10.20"]

1. e4 e5 2. Nf3 Nf6 3. Nxe5 d6 4. Nf3 Nxe4 5. d4 d5 6. Bd3 Be7 7. O-O Nc6 8. c4
Nb4 9. Be2 Be6 10. Nc3 O-O 11. a3 Nxc3 12. bxc3 Nc6 13. cxd5 Bxd5 14. Be3 Na5
15. Qa4 c6 16. Nd2 b5 17. Qc2 Bd6 18. c4 bxc4 19. Nxc4 Nxc4 20. Bxc4 Re8 21.
Bxd5 cxd5 22. g3 Qd7 23. Rfe1 h5 24. h4 Qh3 25. Bg5 Rac8 26. Rxe8+ Rxe8 27. Qc6
Qe6 28. Bd2 Rc8 29. Qa6 Rc2 30. Qd3 Rc4 31. Bb4 Bxb4 32. axb4 g6 33. Kg2 Qb6 34.
Qa3 Qxd4 35. Qxa7 Qe4+ 36. Kh2 Rxb4 37. Rd1 Rb2 38. Kg1 Re2 39. Qc5 Re1+ 40.
Rxe1 Qxe1+ 41. Kh2 Qe4 42. Qc8+ Kg7 43. Qc3+ d4 44. Qc4 Kg8 45. Qc8+ Kh7 46. Qc4
Kg7 47. Qb4 Qd5 48. Qb2 Kh7 49. Qd2 d3 50. Kg1 Kg8 0-1

[Event "Isle of Man Open"]
[Site "Douglas"]
[Date "25.10.2018"]
[Round "6.49"]
[White "Vaishali, R"]
[Black "Sadhwani, Raunak"]
[Result "1-0"]
[WhiteTitle "WIM"]
[BlackTitle "IM"]
[WhiteElo "2313"]
[BlackElo "2438"]
[WhiteFideId "5091756"]
[BlackFideId "35093487"]
[EventDate "2018.10.20"]

1. e4 c5 2. Nf3 d6 3. d4 cxd4 4. Nxd4 Nf6 5. Nc3 a6 6. a3 g6 7. Be2 Bg7 8. Be3
O-O 9. Qd2 Nbd7 10. O-O-O b5 11. f3 Bb7 12. h4 h5 13. g4 Rc8 14. Bh6 Bxh6 15.
Qxh6 Rxc3 16. bxc3 Qa5 17. Nf5 gxf5 18. gxf5 Qxa3+ 19. Kb1 Ng4 20. Rdg1 Bxe4 21.
fxe4 Nf6 22. Bxg4 hxg4 23. Rxg4+ Nxg4 24. Rg1 1-0

[Event "Isle of Man Open"]
[Site "Douglas"]
[Date "25.10.2018"]
[Round "6.50"]
[White "Ragnarsson, Dagur"]
[Black "Nabaty, Tamir"]
[Result "0-1"]
[WhiteTitle "FM"]
[BlackTitle "GM"]
[WhiteElo "2251"]
[BlackElo "2692"]
[WhiteFideId "2304058"]
[BlackFideId "2809052"]
[EventDate "2018.10.20"]

1. d4 g6 2. c4 Bg7 3. Nf3 d6 4. g3 Bd7 5. Nc3 e5 6. e4 Nc6 7. d5 Nd4 8. Nxd4
exd4 9. Ne2 Bg4 10. Qb3 Bxe2 11. Qb5+ c6 12. dxc6 a6 13. c7+ axb5 14. cxd8=Q+
Kxd8 15. Bxe2 Nf6 16. cxb5 Nxe4 17. Bc4 Ra4 18. b3 Rxc4 19. bxc4 d3 20. Rb1 Bc3+
21. Kf1 d2 22. Ba3 Re8 23. Kg2 Ba5 24. Rbd1 Kd7 25. Bb2 Rc8 26. f3 Nc5 27. Bd4
Nd3 28. Be3 Rxc4 29. Kf1 Rc2 30. Ke2 Nc1+ 31. Kf2 Rxa2 32. Bd4 Ke6 33. Ke3 Kd5
34. Bg7 Bb6+ 35. Kf4 Nd3+ 36. Kg5 Nf2 37. Kh6 Nxh1 38. Rxh1 Rc2 39. Rd1 Be3+ 0-1

[Event "Isle of Man Open"]
[Site "Douglas"]
[Date "25.10.2018"]
[Round "6.51"]
[White "Puranik, Abhimanyu"]
[Black "Rapport, Jovana"]
[Result "1-0"]
[WhiteTitle "GM"]
[BlackTitle "WGM"]
[WhiteElo "2547"]
[BlackElo "2350"]
[WhiteFideId "5061245"]
[BlackFideId "937266"]
[EventDate "2018.10.20"]

1. e4 c6 2. Nf3 d5 3. Nc3 dxe4 4. Nxe4 Nf6 5. Qe2 Qd5 6. Nc3 Qe6 7. Ne5 g6 8. d4
Bg7 9. Be3 Nbd7 10. O-O-O Nd5 11. Nxd5 cxd5 12. f4 a6 13. Qf3 Nf6 14. Bd3 O-O
15. Kb1 Ne8 16. g4 f6 17. Nxg6 hxg6 18. f5 Qd7 19. Rhg1 g5 20. h4 Rf7 21. Qh3
Nd6 22. Rh1 Ne4 23. Bxe4 dxe4 24. hxg5 fxg5 25. Bxg5 Kf8 26. Qh7 Ke8 27. Qg8+
Bf8 28. Rh8 Qd5 29. Bh6 Bxf5 30. gxf5 Kd7 31. f6 exf6 32. Rh7 Ke7 33. c4 Qxc4
34. d5 Rxh7 35. d6+ Kd7 36. Qxc4 Rxh6 37. Qf7+ 1-0

[Event "Isle of Man Open"]
[Site "Douglas"]
[Date "25.10.2018"]
[Round "6.52"]
[White "Dragnev, Valentin"]
[Black "Paterek, Michal"]
[Result "1-0"]
[WhiteTitle "GM"]
[BlackTitle "FM"]
[WhiteElo "2508"]
[BlackElo "2311"]
[WhiteFideId "1634852"]
[BlackFideId "1116142"]
[EventDate "2018.10.20"]

1. e4 c6 2. Nf3 d5 3. exd5 cxd5 4. d4 Nf6 5. Ne5 g6 6. Bb5+ Nbd7 7. O-O Bg7 8.
Re1 O-O 9. Nc3 a6 10. Bf1 e6 11. a4 Nxe5 12. dxe5 Nd7 13. Bf4 f6 14. exf6 Qxf6
15. Bg3 Nb8 16. a5 Bd7 17. Na4 Bxa4 18. Rxa4 Nc6 19. c3 Rae8 20. Qd2 Qd8 21. b4
e5 22. b5 axb5 23. Bxb5 d4 24. cxd4 exd4 25. Rb1 Qc8 26. a6 bxa6 27. Rxa6 Ne5
28. Rc1 Qb7 29. Qa2+ Kh8 30. Bxe8 Rxe8 31. Re6 Rc8 32. Re1 Nd7 33. Re7 Qb5 34.
Qe6 Nb6 35. Qf7 Rg8 36. Re8 Rf8 37. Rxf8+ 1-0

[Event "Isle of Man Open"]
[Site "Douglas"]
[Date "25.10.2018"]
[Round "6.53"]
[White "Lubbe, Nikolas"]
[Black "Sahl, Bjarke"]
[Result "1-0"]
[WhiteTitle "IM"]
[BlackTitle "IM"]
[WhiteElo "2447"]
[BlackElo "2322"]
[WhiteFideId "4694031"]
[BlackFideId "1400231"]
[EventDate "2018.10.20"]

1. d4 Nf6 2. Nf3 b5 3. e3 a6 4. Bd3 Bb7 5. Nbd2 e6 6. a4 b4 7. c4 c5 8. O-O d6
9. b3 Nbd7 10. Bb2 Be7 11. Qe2 Qc7 12. Rad1 h6 13. e4 cxd4 14. Nxd4 Nc5 15. Bb1
g5 16. Nc2 e5 17. Nxb4 Rb8 18. Bc2 a5 19. Nd5 Bxd5 20. exd5 Nxa4 21. Bxe5 dxe5
22. bxa4 Rb4 23. Rfe1 O-O 24. h4 Bc5 25. Qf3 Ne8 26. hxg5 hxg5 27. Ne4 f5 28.
Nxc5 Qxc5 29. Rxe5 Rxc4 30. Bb3 Rf4 31. d6+ 1-0

[Event "Isle of Man Open"]
[Site "Douglas"]
[Date "25.10.2018"]
[Round "6.54"]
[White "Merry, Alan B"]
[Black "Strunski, Andreas"]
[Result "0-1"]
[WhiteTitle "IM"]
[BlackTitle "IM"]
[WhiteElo "2435"]
[BlackElo "2306"]
[WhiteFideId "418811"]
[BlackFideId "24606073"]
[EventDate "2018.10.20"]

1. c4 Nf6 2. Nc3 c6 3. d4 d5 4. e3 e6 5. b3 Bb4 6. Bb2 Ne4 7. Qc2 f5 8. Bd3 Qg5
9. g3 Nd7 10. Ne2 O-O 11. Nf4 Ndf6 12. f3 Nxc3 13. Bxc3 Bxc3+ 14. Qxc3 Qh6 15.
O-O-O g5 16. Ne2 g4 17. f4 Qg7 18. c5 Qc7 19. Kb2 b5 20. a4 a5 21. axb5 cxb5 22.
Ra1 Bd7 23. Ra2 b4 24. Qc2 Rfb8 25. Rha1 a4 26. Nc1 a3+ 27. Kb1 Kg7 28. Qd1 h5
29. Qe1 Qb7 30. Rg2 Rh8 31. Raa2 Rab8 32. Rac2 Bc6 33. Na2 Kf7 34. h3 Ke7 35.
Rh2 Kf7 36. hxg4 hxg4 37. Rxh8 Rxh8 38. Qxb4 Rh1+ 39. Rc1 Rxc1+ 40. Kxc1 Nh5 41.
Qxb7+ Bxb7 42. b4 Nxg3 43. Nc3 Ne4 44. Bxe4 dxe4 45. b5 Bd5 46. Ne2 Bc4 47. b6
Bxe2 48. b7 g3 49. b8=Q g2 50. Qc7+ Kg6 51. Qd8 g1=Q+ 52. Kd2 Qd1+ 53. Kc3 Qe1+
54. Kb3 Bd1+ 55. Kc4 Qe2+ 56. Kb4 Qb2+ 57. Ka5 Qb7 58. c6 Qa7+ 59. Kb4 a2 60.
Qg8+ Kf6 61. Qf8+ Qf7 62. Qa8 e5 63. dxe5+ Kg7 64. Kc5 Bb3 65. Kb6 Qe7 66. Qa5
Be6 67. c7 Qd7 68. Qa3 Bd5 69. Qc3 a1=Q 70. c8=Q Qaa7# 0-1

[Event "Isle of Man Open"]
[Site "Douglas"]
[Date "25.10.2018"]
[Round "6.55"]
[White "L'Ami, Alina"]
[Black "Arjun, Kalyan"]
[Result "0-1"]
[WhiteTitle "IM"]
[WhiteElo "2296"]
[BlackElo "2408"]
[WhiteFideId "1210246"]
[BlackFideId "35018701"]
[EventDate "2018.10.20"]

1. d4 d5 2. c4 c6 3. Nf3 Nf6 4. Nc3 e6 5. Bg5 dxc4 6. e4 b5 7. e5 h6 8. Bh4 g5
9. Nxg5 hxg5 10. Bxg5 Be7 11. exf6 Bxf6 12. Bxf6 Qxf6 13. g3 Bb7 14. Bg2 Na6 15.
Nxb5 cxb5 16. Bxb7 Nb4 17. O-O Rd8 18. a4 Qf5 19. Qf3 Qxf3 20. Bxf3 Nc2 21. axb5
Nxa1 22. Rxa1 O-O 23. Rxa7 Rxd4 24. Rc7 Rd3 25. Be2 Rd2 26. Bxc4 Rxb2 27. Rd7
Rc8 28. Bd3 Kf8 29. h4 Rc1+ 30. Kg2 Rd1 31. Kf3 Ke8 32. Rd4 Ke7 33. Ke3 Re1+ 34.
Kf3 Rb3 35. Kg2 Rd1 36. Bc4 Rxg3+ 37. fxg3 Rxd4 38. Be2 f5 39. Bf3 Rb4 40. Bc6
Kf6 41. h5 Rb2+ 42. Kf3 e5 43. Ke3 Rb3+ 44. Kf2 Kg5 45. Be8 e4 46. Bd7 Kxh5 0-1

[Event "Isle of Man Open"]
[Site "Douglas"]
[Date "25.10.2018"]
[Round "6.56"]
[White "Agrest, Inna"]
[Black "Bulmaga, Irina"]
[Result "0-1"]
[WhiteTitle "WIM"]
[BlackTitle "IM"]
[WhiteElo "2283"]
[BlackElo "2402"]
[WhiteFideId "1708830"]
[BlackFideId "13903063"]
[EventDate "2018.10.20"]

1. e4 Nf6 2. e5 Nd5 3. d4 d6 4. c4 Nb6 5. exd6 cxd6 6. Nc3 g6 7. Be3 Bg7 8. Rc1
O-O 9. b3 Bf5 10. Be2 d5 11. c5 Nc8 12. Nf3 Nc6 13. O-O Bg4 14. b4 a6 15. Qb3 e6
16. Rfd1 N8e7 17. h3 Bxf3 18. Bxf3 Nf5 19. Ne2 Nh4 20. Bf4 Nf5 21. Be3 h5 22. g3
Qe7 23. a4 Rfd8 24. b5 axb5 25. axb5 Na5 26. Qc3 Nc4 27. Ra1 Rxa1 28. Rxa1 e5
29. Re1 exd4 30. Nxd4 Qf6 31. Rd1 Nfxe3 32. fxe3 Qxf3 33. Nxf3 Bxc3 34. c6 bxc6
35. bxc6 Ne5 36. Nxe5 Bxe5 37. Kf2 Kf8 38. Rb1 Ke7 39. Rb7+ Ke6 40. Kf3 Rc8 0-1

[Event "Isle of Man Open"]
[Site "Douglas"]
[Date "25.10.2018"]
[Round "6.57"]
[White "Houska, Jovanka"]
[Black "Pranav, Anand"]
[Result "1/2-1/2"]
[WhiteTitle "IM"]
[BlackTitle "FM"]
[WhiteElo "2402"]
[BlackElo "2269"]
[WhiteFideId "405094"]
[BlackFideId "46626786"]
[EventDate "2018.10.20"]

1. d4 Nf6 2. c4 e6 3. Nc3 Bb4 4. e3 O-O 5. Bd3 c5 6. Nf3 d5 7. O-O cxd4 8. exd4
dxc4 9. Bxc4 b6 10. a3 Bxc3 11. bxc3 Qc7 12. Bb3 Ba6 13. Re1 Nbd7 14. Bb2 Bc4
15. Bxc4 Qxc4 16. Nd2 Qc6 17. a4 a5 18. c4 Rfd8 19. Ra3 Nf8 20. Qf3 Rac8 21. h3
Ne8 22. Rc1 Nd7 23. Ne4 Ndf6 24. d5 exd5 25. cxd5 Qxd5 26. Rxc8 Rxc8 27. Bxf6
Rc1+ 28. Kh2 Re1 29. Bxg7 Qxe4 30. Bb2 Qxf3 31. Rxf3 Re6 32. Rg3+ Rg6 33. Bd4
Rxg3 34. Kxg3 b5 35. axb5 Nd6 36. b6 Nf5+ 37. Kf4 Nxd4 38. Ke5 Nc6+ 39. Kd6 Nb8
40. b7 a4 41. Kc7 Na6+ 42. Kb6 Nb8 43. Kc7 1/2-1/2

[Event "Isle of Man Open"]
[Site "Douglas"]
[Date "25.10.2018"]
[Round "6.58"]
[White "Wall, Tim P"]
[Black "Tania, Sachdev"]
[Result "0-1"]
[WhiteTitle "FM"]
[BlackTitle "IM"]
[WhiteElo "2253"]
[BlackElo "2400"]
[WhiteFideId "401641"]
[BlackFideId "5007844"]
[EventDate "2018.10.20"]

1. f4 d5 2. Nf3 g6 3. g3 Bg7 4. Bg2 Nf6 5. O-O c5 6. d3 O-O 7. Qe1 Nc6 8. e4
dxe4 9. dxe4 e5 10. fxe5 Ng4 11. Nc3 Ngxe5 12. Nxe5 Nxe5 13. Bf4 Be6 14. Nd5 Kh8
15. Kh1 Rc8 16. h3 g5 17. Be3 Nc4 18. Rd1 Nxb2 19. Rb1 Nc4 20. Rxb7 Nd6 21. Rxa7
Nxe4 22. Bxe4 Bxd5 23. Bxd5 Qxd5+ 24. Kh2 Rce8 25. Qf2 Qc4 26. Re1 Re5 27. Rc7
Rfe8 28. Rxf7 Qe6 29. Rf3 Kg8 30. a4 Re4 31. Qd2 h5 32. g4 hxg4 33. hxg4 Be5+
34. Kh1 Qh6+ 35. Kg1 Rxg4+ 36. Kf1 Qh1+ 37. Ke2 Rg2+ 38. Bf2 Rxf2+ 39. Rxf2 Bf4+
40. Kd1 Qh5+ 0-1

[Event "Isle of Man Open"]
[Site "Douglas"]
[Date "25.10.2018"]
[Round "6.59"]
[White "Rahul, Srivatshav P"]
[Black "Janzelj, Lara"]
[Result "1/2-1/2"]
[WhiteTitle "IM"]
[BlackTitle "WFM"]
[WhiteElo "2395"]
[BlackElo "2244"]
[WhiteFideId "25059653"]
[BlackFideId "14608391"]
[EventDate "2018.10.20"]

1. d4 d5 2. c4 dxc4 3. Nf3 Nf6 4. e3 b5 5. a4 b4 6. Bxc4 e6 7. a5 a6 8. O-O Be7
9. Re1 Bb7 10. Qa4+ Nfd7 11. Bd2 c5 12. dxc5 Nc6 13. Bxb4 Nxb4 14. Qxb4 Bxf3 15.
gxf3 Bxc5 16. Qa4 O-O 17. f4 Qh4 18. Bf1 Nf6 19. Qc6 e5 20. Qg2 exf4 21. Ra4 Bd6
22. Nd2 Qh6 23. e4 Be5 24. Nf3 Bxb2 25. Ra2 Bc3 26. Ree2 Rac8 27. Ra4 Rc6 28.
Kh1 Qh5 29. Rc2 Rfc8 30. Qh3 Qxh3 31. Bxh3 R8c7 32. Bf1 h6 33. Bd3 Rd6 34. Be2
Ng4 35. Kg2 Bxa5 36. Rxc7 Bxc7 37. h3 Ne5 38. Nxe5 Rd2 39. Bc4 Bxe5 40. Rxa6 Bd4
41. Ra2 Rxa2 1/2-1/2

[Event "Isle of Man Open"]
[Site "Douglas"]
[Date "25.10.2018"]
[Round "6.60"]
[White "Trent, Lawrence"]
[Black "House, Glenn L"]
[Result "1-0"]
[WhiteTitle "IM"]
[BlackTitle "FM"]
[WhiteElo "2391"]
[BlackElo "2180"]
[WhiteFideId "408638"]
[BlackFideId "406228"]
[EventDate "2018.10.20"]

1. e4 c5 2. Nc3 e6 3. Nf3 d6 4. d4 cxd4 5. Qxd4 a6 6. Bg5 Nc6 7. Qe3 Nf6 8.
O-O-O Qa5 9. Bxf6 gxf6 10. Kb1 Bd7 11. Be2 Rc8 12. Nd2 b5 13. f4 Be7 14. Nb3 Qc7
15. Bh5 b4 16. Nd5 exd5 17. exd5 Ne5 18. fxe5 Qxc2+ 19. Ka1 fxe5 20. Rhf1 O-O
21. Rc1 1-0

[Event "Isle of Man Open"]
[Site "Douglas"]
[Date "25.10.2018"]
[Round "6.61"]
[White "Paramzina, Anastasya"]
[Black "Jackson, James P"]
[Result "0-1"]
[WhiteTitle "WGM"]
[BlackTitle "FM"]
[WhiteElo "2243"]
[BlackElo "2371"]
[WhiteFideId "4165012"]
[BlackFideId "416860"]
[EventDate "2018.10.20"]

1. e4 e5 2. Nf3 Nc6 3. Bc4 Nf6 4. d3 Be7 5. O-O O-O 6. Re1 d6 7. a4 Kh8 8. c3
Ng8 9. d4 f5 10. exf5 d5 11. Be2 e4 12. Ne5 Bxf5 13. f4 exf3 14. Bxf3 Nxe5 15.
dxe5 c6 16. Na3 Bc5+ 17. Kh1 Bf2 18. Re2 Qh4 19. Bg5 Qxg5 20. Rxf2 Be4 21. Qd4
Rf4 22. Qb4 Bxf3 23. Qxb7 Be4 0-1

[Event "Isle of Man Open"]
[Site "Douglas"]
[Date "25.10.2018"]
[Round "6.62"]
[White "Serarols Mabras, Bernat"]
[Black "Bianco, Valerio"]
[Result "1-0"]
[WhiteTitle "FM"]
[WhiteElo "2367"]
[BlackElo "2008"]
[WhiteFideId "2238276"]
[BlackFideId "800600"]
[EventDate "2018.10.20"]

1. d4 d5 2. c4 dxc4 3. e4 Nc6 4. Nf3 Nf6 5. Bxc4 Nxe4 6. d5 e6 7. dxc6 Qxd1+ 8.
Kxd1 Nxf2+ 9. Ke2 Nxh1 10. Nc3 bxc6 11. Be3 Ng3+ 12. hxg3 Be7 13. Ne4 O-O 14.
Bf4 Bb7 15. Bxc7 Rac8 16. Bd6 Bxd6 17. Nxd6 Rc7 18. Nxb7 Rxb7 19. b3 Rd7 20. Rh1
Rfd8 21. a4 h6 22. Ke3 Kf8 23. Rc1 Rd6 24. Rc2 f6 25. Be2 Rb8 26. Nd2 Ke7 27.
Rc3 Rb4 28. Bf3 Kd7 29. Ne4 Rd5 30. Nc5+ Rxc5 31. Rxc5 Rxb3+ 32. Kd2 Ra3 33. Ra5
Kc7 34. Rxa7+ Kb6 35. Rxg7 Rxa4 36. Rg6 e5 37. Rxf6 e4 38. Be2 Ra3 39. g4 Rg3
40. Rxh6 Kc5 41. Ke1 Rxg2 42. Kf1 Rg3 43. Kf2 Ra3 44. g5 Kd4 45. g6 Ra5 46. Rh5
e3+ 47. Kg2 Ra2 48. Kf3 Ra8 49. g7 Rg8 50. Rg5 c5 51. Rg4+ 1-0